000 00564nam a2200205 a 4500
001 0019
005 20140414132014.0
008 040726s19uu xx 00 eng d
020 _a0-394-80023-0
050 _aTR
_bF52 1961
100 _aPalmer, Helen
245 _aA fish out of water /
_cby Helen Palmer ; illustrated by P. D. Eastman.
260 _aNew York :
_bRandom House,
_c1961.
300 _a64 p. : ill. ; cm.
440 _aBeginner Books, B-23
650 _aFish
_xFiction.
650 _aChildren stories.
999 _c113334
_d113334